Tourism in the Greek economy : background report

Αποθηκεύτηκε σε:
Λεπτομέρειες βιβλιογραφικής εγγραφής
Συλλογικό Έργο: World Tourism Organization, United Nations Environment Programme
Μορφή: Βιβλίο
Γλώσσα:English
Δημοσίευση: Madrid : World Tourism Organization, c2012
Θέματα:
Ετικέτες: Προσθήκη ετικέτας
Δεν υπάρχουν, Καταχωρήστε ετικέτα πρώτοι!

MARC

LEADER 00000cam a2200000 i 4500
001 1/29638
008 130517s2012 eng d
020 |a 978-92-844-1451-2 (pbk.) 
020 |a 978-92-807-3143-9 (pbk.) 
035 |l 10114415 
040 |a GR-MY-UA  |b gre  |e aacr 
041 0 |a eng 
082 0 |a 338.4791  |2 (22) 
110 2 |a World Tourism Organization. 
245 1 0 |a Tourism in the Greek economy :  |b background report /  |c World Tourism Organization, United Nations Environment Programme 
260 |a Madrid :   |b World Tourism Organization,   |c c2012 
300 |a ix, 156 σ.;  |b διαγρ., πίν.;  |c 29 εκ. 
504 |a Βιβλιογραφία: σ.143-156 
650 0 0 |a Tourism. 
710 2 |a United Nations Environment Programme. 
852 |a INST  |b CHIOS  |e 20130517  |h 338.4791 WOR  |p 005200035450  |q 005200035450  |t BK  |y 0 
901 |a BIBL2-2013-2 
909 |a Χ  |b 175457 
970 |a ΣΠΕΝΤΖΑ  |b ΕΛΕΝΗ  |z 2013/05/17